000 01276cam a22003617i 4500
999 _c222
_d222
001 17908405
003 GZU
005 20200715092924.0
008 131018s2014 caua b 001 0 eng d
010 _a 2013952465
020 _a1446248771
020 _a9781446248775
020 _a9781446248782 (pbk)
035 _a(OCoLC)ocn884861738
040 _aYDXCP
_beng
_cYDXCP
_dCEF
_dOCLCO
_dLTSCA
_dOCLCQ
_dNAM
_dOCLCF
_dDLC
042 _alccopycat
050 0 0 _aBF731
_b.VAL 2014
100 1 _aValsiner, Jaan.
_eauthor
245 1 3 _aAn invitation to cultural psychology /
_cJaan Valsiner.
264 1 _aLos Angeles :
_bSage,
_c2014.
300 _axiv, 290p. :
_billustrations ;
_c25 cm
336 _atext
_btxt
_2rdacontent
337 _aunmediated
_bn
_2rdamedia
338 _avolume
_bnc
_2rdacarrier
500 _aIncludes bibliographical references (pages 261-284) and index.
504 _aIncludes bibliographical references (pages 261-284) and index.
650 0 _aEthnopsychology.
650 7 _aEthnopsychology.
_2fast
_0(OCoLC)fst00916198
906 _a7
_bcbc
_ccopycat
_d2
_encip
_f20
_gy-gencatlg
942 _2lcc
_cBK
_h731
_iVAL
_kBF